Encouraging community development : a training guide for local workers /

Bibliographic Details
Main Author: Biddle, William Wishart, 1900-
Other Authors: Biddle, Loureide J.
Format: Book
Language:English
Published: New York : Holt, Rinehart and Winston, [1968]
Subjects:

MARC

Tag First Indicator Second Indicator Subfields
LEADER 00000cam a22000001 4500
001 in00000461908
005 20151012094208.0
008 700820s1968 nyu b 00010 eng
010 |a  68012010  
035 |a (OCoLC)00437005 
035 |9 ABY9351AM 
040 |a DLC  |c DLC  |d TXA  |d UtOrBLW 
049 |a TXAM  |c [481235] 
050 0 0 |a HN18  |b .B473 
082 0 |a 301.3/4 
100 1 |a Biddle, William Wishart,  |d 1900- 
245 1 0 |a Encouraging community development :  |b a training guide for local workers /  |c [by] William W. Biddle, with the collaboration of Loureide J. Biddle. 
264 1 |a New York :  |b Holt, Rinehart and Winston,  |c [1968] 
300 |a xii, 224 pages ;  |c 23 cm. 
336 |a text  |b txt  |2 rdacontent 
337 |a unmediated  |b n  |2 rdamedia 
338 |a volume  |b nc  |2 rdacarrier 
504 |a Bibliographical footnotes. 
650 0 |a Community development. 
650 0 |a Volunteer workers in social service. 
700 1 |a Biddle, Loureide J. 
999 |a MARS 
999 f f |s 313a86e6-b5c2-3640-ae40-173c71abb3ee  |i 48fd33eb-0ec5-32ac-839a-8ff498df1370  |t 0 
952 f f |p ric  |a Texas A&M University  |b Rellis Campus  |c Joint Library Facility  |d Remote Storage  |t 0  |e HN18 .B473  |h Library of Congress classification  |i unmediated -- volume  |m A14802928675 
998 f f |a HN18 .B473  |t 0  |l Remote Storage